Atlas de las comunicaciones (Registro nro. 14870)

Detalles MARC
000 -CABECERA
Longitud fija campo de control 00890nam a2200193 a 4500
003 - • IDENTIFICADOR DELl NÚMERO DE CONTROL
Identificador del número de control CO-ViMGA
008 - • CÓDIGOS DE INFORMACIÓN DE LONGITUD FIJA
Códigos de información de longitud fija 141112s2004 ck r 000 u spa d
040 ## - FUENTE DE LA CATALOGACIÓN
Centro catalogador de origen CO-ViMGA
Lengua de catalogación spa
Centro transcriptor CO-ViMGA
082 04 - • NÚMERO DE LA CLASIFICACIÓN DECIMAL DEWEY
Número de clasificación (R) R383 T651
100 1# - • PUNTO DE ACCESO PRINCIPAL-NOMBRE DE PERSONA
Nombre de persona Tola, Jose
245 10 - • TITULO PROPIAMENTE DICHO
Título Atlas de las comunicaciones
300 ## - • DESCRIPCIÓN FÍSICA
Extensión 89 p : il
505 ## - • NOTA DE CONTENIDO CON FORMATO
Nota de contenido con formato Los inicios de la comunicación : Historia Las carreteras El automovil El ferrocarril - Tren Transporte urbano Comunicación por mar - via maritima Comunicación aerea - aviación Primitivos sistemas de transmisión : - Historia Correos El telegrafo : El alfabeto Morse El telefono : - Historia La radio : - Historia La televisión : - Historia Transmisión por satelite
590 ## - NOTAS LOCALES
Nota local Datos de inventario : 05186
650 14 - • PUNTO DE ACCESO ADICIONAL DE MATERIA - TÉRMINO DE MATERIA
Término de materia o nombre geográfico como elemento inicial COMUNICACIONES - ATLAS
942 ## - ENTRADA DE ELEMENTOS AGREGADOS (KOHA)
Fuente de clasificaión o esquema Dewey Decimal Classification
Koha [por defecto] tipo de item LIbro
Existencias
Perdido Fuente de clasificación o esquema Estado Físico No para préstamo Forma de adquisición Localización permanente Localización actual Fecha adquisición Serie de enumeración / cronolog&íacute;a Préstamos totales Signatura completa Código de barras Fecha última consulta Número de copia Fecha del precio de reemplazo Tipo de item de Koha
  Dewey Decimal Classification     Sala General Segundo Piso Biblioteca Pública Germán Arciniegas - Villavicencio Biblioteca Pública Germán Arciniegas - Villavicencio 12/04/2015 Volumen. 1 | 11/jun/2009   R383 T651 2799 12/04/2015 Ej. 1 12/04/2015 LIbro









Instituto Departamental de Cultura del Meta - Red Departamental de Bibliotecas Públicas del Meta.